[Event "Championnat de France des Jeunes - Benjamines"]
[Site "MONTLUCON"]
[Date "2011.04.17"]
[Round "1.1"]
[White "Haussernot, Cecile"]
[Black "Del Valle, Julie"]
[Result "1-0"]
[WhiteElo "2013"]
[BlackElo "1490"]
[Annotator ""]

1. e4 e5 2. Nf3 Nc6 3. Bb5 d6 4. c3 Bd7 5. d4 a6 6. Ba4 Nf6 7. Nbd2 Be7 8. O-O
O-O 9. Re1 exd4 10. cxd4 b5 11. Bc2 Bg4 12. Nb3 a5 13. Be3 d5 14. e5 Nd7 15.
Rc1 Nb6 16. h3 Bh5 17. Bxh7+ Kxh7 18. Ng5+ Bxg5 19. Qxh5+ Kg8 20. Bxg5 Qd7 21.
Re3 Nc4 22. Rg3 Rfe8 23. Bf6 g6 24. Qh6 1-0

[Event "Championnat de France des Jeunes - Benjamines"]
[Site "MONTLUCON"]
[Date "2011.04.17"]
[Round "1.2"]
[White "Broly, Marine"]
[Black "Bellaiche, Elise"]
[Result "0-1"]
[WhiteElo "1486"]
[BlackElo "1916"]
[PlyCount "106"]

1. c4 e6 2. Nf3 Nf6 3. g3 b6 4. Bg2 Bb7 5. O-O Be7 6. d3 O-O 7. Nc3 d5 8. b3 d4
9. Nb5 c5 10. e3 a6 11. Na3 Nc6 12. Bb2 Qd7 13. exd4 cxd4 14. Re1 Rfe8 15. Nc2
Bc5 16. a3 a5 17. Qd2 e5 18. b4 axb4 19. axb4 Bd6 20. Rxa8 Bxa8 21. Re2 Re7 22.
Qe1 Qe8 23. Nh4 g6 24. Nf3 Nb8 25. Qd2 Nfd7 26. Qh6 Qf8 27. Qh4 f5 28. Nd2 Bxg2
29. Kxg2 Nc6 30. b5 Nb4 31. Nxb4 Bxb4 32. Nb3 Qf6 33. Qxf6 Nxf6 34. Bc1 Nd7 35.
Bg5 Rf7 36. f4 e4 37. dxe4 d3 38. Re3 d2 39. Rd3 fxe4 40. Rd5 e3 41. Kf3 Nc5
42. Nxc5 Bxc5 43. Ke2 Kg7 44. Bd8 Ra7 45. Rd3 Ra1 46. Rd7+ Kg8 47. Bf6 Re1+ 48.
Kf3 d1=Q+ 49. Rxd1 Rxd1 50. Ke2 Rd2+ 51. Ke1 Bb4 52. h4 Rf2+ 53. Kd1 e2+ 0-1

[Event "Championnat de France des Jeunes - Benjamines"]
[Site "MONTLUCON"]
[Date "2011.04.17"]
[Round "1.3"]
[White "Sauve, Anne-Charlotte"]
[Black "Pauvert, Gabrielle"]
[Result "1/2-1/2"]
[WhiteElo "1756"]
[BlackElo "1480"]
[PlyCount "84"]

1. e4 e6 2. d4 d5 3. e5 c5 4. c3 Nc6 5. Nf3 Qb6 6. Be3 cxd4 7. cxd4 Qxb2 8.
Nbd2 Qb6 9. Be2 Bd7 10. O-O Rc8 11. Rb1 Qc7 12. Qb3 Rb8 13. Rfc1 a6 14. a4 Qd8
15. Nf1 Na5 16. Qd1 b5 17. axb5 axb5 18. Qe1 Nc4 19. Bg5 Qa5 20. Bxc4 Qxe1 21.
Nxe1 dxc4 22. Rxc4 Ne7 23. Nf3 Nd5 24. Ne3 Nxe3 25. fxe3 b4 26. Nd2 Ba4 27. e4
Kd7 28. d5 Rb5 29. d6 Rxe5 30. Rcxb4 Rxg5 31. Rxa4 Bxd6 32. Ra7+ Bc7 33. Nf3
Ra5 34. Rd1+ Kc8 35. Rxa5 Bxa5 36. Rc1+ Kd7 37. Ne5+ Ke8 38. Nc4 Bb4 39. Nd6+
Ke7 40. Nc8+ Kf6 41. Nb6 Rd8 42. Nc4 Rd4 1/2-1/2

[Event "Championnat de France des Jeunes - Benjamines"]
[Site "MONTLUCON"]
[Date "2011.04.17"]
[Round "1.4"]
[White "Mathis, Emilie"]
[Black "Auvray, Honorine"]
[Result "0-1"]
[WhiteElo "1470"]
[BlackElo "1735"]
[PlyCount "62"]

1. c4 c5 2. Nc3 Nc6 3. g3 g6 4. Bg2 Bg7 5. Nf3 e6 6. O-O Nge7 7. Ne4 d6 8. Rb1
O-O 9. b3 f5 10. Neg5 h6 11. Nh3 g5 12. Bb2 g4 13. Nf4 Bxb2 14. Rxb2 gxf3 15.
Bxf3 Ne5 16. Bh5 Kh7 17. d4 N5g6 18. Bxg6+ Nxg6 19. Nh5 Qg5 20. e3 cxd4 21. f4
Qg4 22. exd4 Ne7 23. d5 Qxd1 24. Rxd1 exd5 25. Re2 Ng8 26. Rxd5 Kg6 27. g4 fxg4
28. Rg2 Ne7 29. Rb5 a6 30. f5+ Kxh5 31. f6+ Nf5 0-1

[Event "Championnat de France des Jeunes - Benjamines"]
[Site "MONTLUCON"]
[Date "2011.04.17"]
[Round "1.5"]
[White "Joudelat, Noemie"]
[Black "Pre, Malvina"]
[Result "1-0"]
[WhiteElo "1732"]
[BlackElo "1470"]
[PlyCount "131"]

1. e4 c5 2. Nf3 Nc6 3. d4 cxd4 4. Nxd4 e6 5. Nc3 Bb4 6. Bc4 Qa5 7. Ndb5 Nge7 8.
Nd6+ Bxd6 9. Qxd6 a6 10. Bd2 Qe5 11. Bf4 Qxd6 12. Bxd6 O-O 13. a4 Re8 14. f4
Ng6 15. Rf1 Kh8 16. g3 f5 17. e5 Nge7 18. Kd2 Ra7 19. a5 Ng8 20. h3 Nh6 21. Rf2
Nf7 22. Bc7 Rg8 23. Rg1 Nh6 24. g4 g6 25. Rfg2 Rg7 26. g5 Nf7 27. h4 Nd4 28.
Ke3 Nc6 29. h5 Ne7 30. Bb6 Ra8 31. Bc5 Nd8 32. Bxe7 Rxe7 33. hxg6 hxg6 34. Rh2+
Rh7 35. Rxh7+ Kxh7 36. Rh1+ Kg7 37. Re1 Nc6 38. Ra1 Rb8 39. b3 Nb4 40. Kd2 b5
41. axb6 Rxb6 42. Na4 Rb8 43. Nc5 Ra8 44. c3 Nc6 45. b4 Ra7 46. Bxa6 Bxa6 47.
Nxa6 Ne7 48. c4 Nc8 49. c5 Rb7 50. Rb1 Na7 51. Kd3 Nb5 52. Ra1 Kf7 53. Kc4 Ke8
54. Ra5 Na7 55. b5 Ke7 56. Nb4 Kd8 57. b6 Nc6 58. Nxc6+ dxc6 59. Ra8+ Ke7 60.
Rh8 Rd7 61. Rh7+ Ke8 62. b7 Rxh7 63. b8=Q+ Kf7 64. Qc7+ Kg8 65. Qxc6 Rh4 66.
Qxe6+ 1-0

[Event "Championnat de France des Jeunes - Benjamines"]
[Site "MONTLUCON"]
[Date "2011.04.17"]
[Round "1.6"]
[White "Duffaud, Celia"]
[Black "Duval, Claire"]
[Result "0-1"]
[WhiteElo "1469"]
[BlackElo "1714"]
[PlyCount "124"]

1. c4 e5 2. Nc3 Nc6 3. g3 d6 4. Bg2 Nf6 5. e3 Be7 6. Nge2 O-O 7. d4 exd4 8.
exd4 Re8 9. O-O Bg4 10. Qd3 Qd7 11. Nf4 Bf8 12. Bd2 Bf5 13. Qf3 Rab8 14. d5 Ne5
15. Qe2 Bg4 16. Bh3 Bxh3 17. Nxh3 Qxh3 18. f4 Neg4 19. Qg2 Qxg2+ 20. Kxg2 Ne3+
21. Bxe3 Rxe3 22. h3 Ne4 23. Rf3 Rxf3 24. Kxf3 Nxc3 25. bxc3 Re8 26. Rb1 b6 27.
a4 a5 28. g4 g6 29. h4 Bg7 30. Rc1 f5 31. gxf5 gxf5 32. Rg1 Kf7 33. Rg5 Kf6 34.
Kf2 Re4 35. Kf3 Rxc4 36. Rg1 Rxc3+ 37. Kg2 Bh6 38. Rf1 Rc5 39. Kg3 Rxd5 40. Rc1
Rc5 41. Re1 Rc4 42. Re8 Rxf4 43. Rh8 Rg4+ 44. Kh3 Rg7 45. Rf8+ Rf7 46. Rxf7+
Kxf7 47. Kg3 c5 48. Kf3 c4 49. Ke2 d5 50. Kd1 d4 51. Kc2 f4 52. Kd1 f3 53. Ke1
c3 54. Kd1 f2 55. Ke2 c2 56. Kxf2 c1=Q 57. h5 Qe3+ 58. Kg2 d3 59. Kh2 Bf4+ 60.
Kg2 Qg3+ 61. Kf1 Be3 62. h6 Qf2# 0-1

[Event "Championnat de France des Jeunes - Benjamines"]
[Site "MONTLUCON"]
[Date "2011.04.18"]
[Round "1.7"]
[White "Vernet, Solene"]
[Black "Jacob, Eva"]
[Result "1-0"]
[WhiteElo "1707"]
[BlackElo "1461"]
[PlyCount "121"]

1. e4 c5 2. f4 b6 3. Nc3 Bb7 4. Nf3 e6 5. Be2 Be7 6. O-O d6 7. d3 Nf6 8. Be3
O-O 9. Qe1 Nc6 10. Qg3 Re8 11. e5 Nd7 12. exd6 Bxd6 13. Nb5 Be7 14. Nd2 a6 15.
Nc3 Nd4 16. Bxd4 cxd4 17. Nce4 Nf6 18. Nxf6+ Bxf6 19. Bf3 Bxf3 20. Qxf3 Rc8 21.
Rac1 Qc7 22. Ne4 Be7 23. Qf2 Bc5 24. Nxc5 bxc5 25. c3 Qd6 26. Qf3 Rb8 27. Rf2
Red8 28. c4 Rd7 29. Re1 Rdb7 30. b3 Ra7 31. f5 e5 32. f6 gxf6 33. Qxf6 Qxf6 34.
Rxf6 Rc8 35. Rxe5 Kg7 36. Rb6 a5 37. a4 Kf8 38. Rb5 Rac7 39. Rxa5 f6 40. Rf5
Ke7 41. Rb5 Ke6 42. Rd5 Rd7 43. Rdxc5 Rxc5 44. Rxc5 Rb7 45. Rb5 Ra7 46. a5 Kd6
47. b4 Kc6 48. Rb6+ Kc7 49. c5 f5 50. Rh6 Kc8 51. a6 Kb8 52. b5 Rc7 53. c6 Ka7
54. Rf6 Kb6 55. Rxf5 Re7 56. Kf2 Ka7 57. Rd5 Kb8 58. b6 Rf7+ 59. Ke2 Re7+ 60.
Kd2 Rf7 61. Rd8# 1-0

[Event "Championnat de France des Jeunes - Benjamines"]
[Site "MONTLUCON"]
[Date "2011.04.18"]
[Round "1.8"]
[White "Bureau-Leroyer, Lola"]
[Black "Fesselier, Melissa"]
[Result "0-1"]
[WhiteElo "1460"]
[BlackElo "1690"]
[PlyCount "116"]

1. e4 e6 2. d4 d5 3. Nc3 Bb4 4. exd5 exd5 5. Bd2 Nf6 6. g3 O-O 7. Bg2 Bxc3 8.
Bxc3 Re8+ 9. Ne2 Qe7 10. Qd2 Bd7 11. h3 Ne4 12. Qe3 Nxc3 13. Nxc3 Qd6 14. Ne4
dxe4 15. O-O-O Qh6 16. Rhe1 Qxe3+ 17. Rxe3 Nc6 18. Bxe4 Bxh3 19. Rh1 Bg4 20.
Bxh7+ Kf8 21. Bf5 Rxe3 22. fxe3 Re8 23. Rh8+ Ke7 24. Rxe8+ Kxe8 25. Bxg4 Ke7
26. Kd2 Kf6 27. Kc3 Ne7 28. Kc4 c6 29. e4 Kg5 30. Bh3 f5 31. Bxf5 Nxf5 32. exf5
Kxf5 33. d5 cxd5+ 34. Kxd5 Kg4 35. c4 Kxg3 36. Ke6 g5 37. c5 Kf3 38. b4 g4 39.
b5 g3 40. c6 bxc6 41. bxc6 g2 42. c7 g1=Q 43. Kd7 Qd4+ 44. Kc6 Qb6+ 45. Kd7 Qb7
46. Kd6 Qc8 47. a4 Ke3 48. a5 a6 49. Kc6 Kd4 50. Kb6 Kc4 51. Ka7 Kb4 52. Kb6
Ka4 53. Ka7 Qxc7+ 54. Kxa6 Qxa5+ 55. Kb7 Kb5 56. Kc8 Qa7 57. Kd8 Kc6 58. Ke8
Kd6 0-1

[Event "Championnat de France des Jeunes - Benjamines"]
[Site "MONTLUCON"]
[Date "2011.04.18"]
[Round "1.9"]
[White "Le Berre, Audrey"]
[Black "Dupont, Marie-Oceane"]
[Result "0-1"]
[WhiteElo "1690"]
[BlackElo "1460"]
[PlyCount "62"]

1. c4 Nf6 2. g3 g6 3. Bg2 Bg7 4. Nc3 O-O 5. Nf3 d6 6. O-O e5 7. d3 Be6 8. Nxe5
dxe5 9. Bxb7 Bh3 10. Bxa8 Bxf1 11. Kxf1 c6 12. b4 e4 13. Bb2 exd3 14. exd3 Qb6
15. b5 a6 16. Na4 Qc7 17. Bxc6 Nxc6 18. bxc6 Qxc6 19. Kg1 Ra8 20. Nc3 h5 21.
Qe2 g5 22. Bc1 Re8 23. Qd2 Nh7 24. Rb1 h4 25. Nd5 Nf6 26. Qxg5 Nxd5 27. Qxd5 h3
28. Bf4 Qa4 29. c5 Qc2 30. Rc1 Qxc1+ 31. Bxc1 Re1# 0-1

[Event "Championnat de France des Jeunes - Benjamines"]
[Site "MONTLUCON"]
[Date "2011.04.18"]
[Round "1.10"]
[White "Koppe, Melissa"]
[Black "Thomas, Apolline"]
[Result "0-1"]
[WhiteElo "1450"]
[BlackElo "1685"]
[PlyCount "160"]

1. e4 e5 2. Nf3 Nc6 3. Bc4 Bc5 4. d3 Nf6 5. Nc3 d6 6. h3 h6 7. O-O O-O 8. Be3
Bb6 9. a3 Be6 10. Ba2 Bxa2 11. Nxa2 d5 12. Bxb6 axb6 13. Re1 dxe4 14. dxe4 Qe7
15. Nc3 Rfd8 16. Nd5 Qe6 17. Nxf6+ Qxf6 18. Qe2 Ne7 19. Qb5 Ng6 20. b4 Rd6 21.
Rad1 Qe7 22. a4 Rad8 23. Rxd6 Rxd6 24. Kf1 Kf8 25. Kg1 Qe6 26. Kf1 Qe8 27.
Qxe8+ Kxe8 28. h4 f6 29. h5 Ne7 30. b5 Kf7 31. Ke2 g6 32. g4 c6 33. Rd1 Rxd1
34. Kxd1 Ke6 35. Kd2 Kd6 36. Kd3 Kc5 37. bxc6 bxc6 38. Kc3 g5 39. Nd2 Nc8 40.
Nb3+ Kd6 41. Kc4 Kc7 42. f3 Nd6+ 43. Kc3 Nf7 44. Nd2 Kd6 45. Kc4 Kc7 46. Nf1
Kb7 47. Ne3 Nd6+ 48. Kc3 Ka6 49. Kb4 Ka7 50. Kb3 Kb7 51. Kb4 Ka6 52. Kb3 Ka5
53. Ka3 b5 54. axb5 Kxb5 55. Kb3 Kc5 56. Kc3 Nb5+ 57. Kd3 Nd4 58. Nf5 Nxf5 59.
gxf5 Kb4 60. c3+ Kb3 61. Kd2 c5 62. c4 Kxc4 63. Kc2 Kd4 64. Kd2 c4 65. Kc2 c3
66. Kc1 Kd3 67. Kd1 Ke3 68. Kc2 Kxf3 69. Kxc3 Kxe4 70. Kc4 Kxf5 71. Kd3 e4+ 72.
Ke3 g4 73. Kf2 Kf4 74. Kf1 Kf3 75. Kg1 e3 76. Kf1 e2+ 77. Ke1 g3 78. Kd2 Kf2
79. Kd3 e1=Q 80. Kc2 Qe3 0-1

[Event "Championnat de France des Jeunes - Benja"]
[Site "MONTLUCON"]
[Date "2011.04.18"]
[Round "2.1"]
[White "Nicolas, Gabrielle"]
[Black "Haussernot, Cecile"]
[Result "0-1"]
[WhiteElo "1580"]
[BlackElo "2013"]
[PlyCount "74"]
[EventDate "2011.??.??"]

1. d4 Nf6 2. c4 e6 3. Nc3 Bb4 4. Nf3 O-O 5. e3 d5 6. Bd2 c6 7. cxd5 exd5 8. Bd3
Bg4 9. O-O Bxc3 10. bxc3 Ne4 11. Be2 Nd7 12. Qc2 Ndf6 13. Bd1 a5 14. Rb1 b5 15.
Ne5 Bf5 16. Rb2 Ng3 17. Qb3 Nxf1 18. Kxf1 a4 19. Qb4 a3 20. Rb3 Ra4 21. Qc5 Ne4
22. Nxc6 Nxc5 23. Nxd8 Nxb3 24. Bxb3 Rxd8 25. Bxa4 Bd3+ 26. Ke1 bxa4 27. Bc1
Bc4 28. Bxa3 Bxa2 29. Bb4 Rb8 30. Kd1 Bc4 31. Kc1 f5 32. Kb2 a3+ 33. Ka1 a2 34.
Kb2 g5 35. Ka1 f4 36. h3 fxe3 37. fxe3 Re8 0-1

[Event "Championnat de France des Jeunes - Benja"]
[Site "MONTLUCON"]
[Date "2011.04.18"]
[Round "2.2"]
[White "Bellaiche, Elise"]
[Black "Baldi, Valentine"]
[Result "1/2-1/2"]
[WhiteElo "1916"]
[BlackElo "1589"]
[PlyCount "108"]
[EventDate "2011.??.??"]

1. e4 c6 2. d4 d5 3. exd5 cxd5 4. c4 Nf6 5. Nc3 e6 6. Nf3 Bb4 7. a3 Bxc3+ 8.
bxc3 O-O 9. Bd3 dxc4 10. Bxc4 Qc7 11. Qd3 Nc6 12. O-O Re8 13. Bb5 Bd7 14. Bg5
Nd5 15. c4 Nde7 16. d5 exd5 17. cxd5 Ne5 18. Nxe5 Bxb5 19. Qxb5 Qxe5 20. Bxe7
Rxe7 21. h3 h6 22. Rfe1 Qd6 23. Rxe7 Qxe7 24. Rb1 b6 25. a4 Rd8 26. Qc6 Qe4 27.
Rd1 Qe2 28. Qc1 Qe5 29. Qd2 Qd6 30. Qd4 Rd7 31. Qc4 Rc7 32. Qb5 Rd7 33. Rd3 Qc7
34. g3 Qd6 35. Kh2 Qf6 36. Kg2 Qe7 37. Qc4 Qd6 38. Kf3 Qf6+ 39. Qf4 Qg6 40. Qe4
Qf6+ 41. Kg2 Qd6 42. g4 Re7 43. Qf3 Rd7 44. Qg3 Qb4 45. d6 Qxa4 46. Qe5 Qc6+
47. Kh2 Qc2 48. Rf3 Qc6 49. Rd3 Qc2 50. Qf5 Qc6 51. Qe5 Qc2 52. Qf5 Qc6 53. Qe5
Qc2 54. Qf5 Qc6 1/2-1/2

[Event "Championnat de France des Jeunes - Benja"]
[Site "MONTLUCON"]
[Date "2011.04.18"]
[Round "2.3"]
[White "Auvray, Honorine"]
[Black "Dol, Cecile"]
[Result "1-0"]
[WhiteElo "1735"]
[BlackElo "1563"]
[PlyCount "99"]
[EventDate "2011.??.??"]

1. e4 e6 2. d4 d5 3. Nc3 dxe4 4. Nxe4 Bd7 5. Nf3 Bc6 6. Bd3 Be7 7. c3 Nd7 8.
Qe2 a6 9. Bf4 b5 10. O-O Ngf6 11. Nxf6+ Nxf6 12. Ne5 Qd5 13. Nxc6 Qxc6 14. Be5
Qd7 15. f4 O-O 16. f5 exf5 17. Bxf5 Qd8 18. Rf3 g6 19. Bd3 Ng4 20. Rh3 Nxe5 21.
Qxe5 Bd6 22. Qe3 Qf6 23. Rf1 Qg7 24. Rhf3 Rae8 25. Qf2 Qh6 26. g4 Qg7 27. Kh1
Re6 28. a4 c6 29. axb5 axb5 30. Bc2 Re7 31. Bb3 Ra7 32. Rf6 Rd7 33. Qf3 Qh6 34.
h3 c5 35. Bxf7+ Kh8 36. Be6 Rdd8 37. Rf7 Rxf7 38. Bxf7 Rf8 39. Qf6+ Qg7 40.
Qxd6 Qh6 41. Qe5+ Qg7 42. Qxg7+ Kxg7 43. dxc5 Rxf7 44. Rxf7+ Kxf7 45. Kg2 Ke6
46. Kf3 Kd5 47. b4 g5 48. Ke3 h6 49. Kd3 Ke5 50. c4 1-0

[Event "Championnat de France des Jeunes - Benja"]
[Site "MONTLUCON"]
[Date "2011.04.18"]
[Round "2.4"]
[White "Brisson, Michele"]
[Black "Joudelat, Noemie"]
[Result "0-1"]
[WhiteElo "1550"]
[BlackElo "1732"]
[PlyCount "62"]
[EventDate "2011.??.??"]

1. d4 Nf6 2. c4 g6 3. Nc3 d5 4. Nf3 Bg7 5. Bf4 dxc4 6. e3 O-O 7. Bxc4 c5 8. h3
Nc6 9. dxc5 Qa5 10. O-O Qxc5 11. Bb3 b5 12. Qd3 a6 13. Rac1 Qb6 14. Rfd1 Bb7
15. Qe2 Rfd8 16. Bg5 e6 17. Qc2 Nb4 18. Qe2 Rxd1+ 19. Rxd1 Nfd5 20. Nxd5 Nxd5
21. Rc1 a5 22. a3 a4 23. Ba2 b4 24. Bxd5 Bxd5 25. Be7 bxa3 26. Bxa3 Rb8 27. Rc2
Be4 28. Rd2 Rc8 29. Nd4 Qb7 30. f3 Bd5 31. Qb5 Qa7 0-1

[Event "Championnat de France des Jeunes - Benja"]
[Site "MONTLUCON"]
[Date "2011.04.18"]
[Round "2.5"]
[White "Duval, Claire"]
[Black "Mirete, Rita"]
[Result "1-0"]
[WhiteElo "1714"]
[BlackElo "1550"]
[PlyCount "53"]
[EventDate "2011.??.??"]

1. d4 d5 2. c4 e6 3. Nc3 Nf6 4. Nf3 c6 5. Bg5 Nbd7 6. a3 h6 7. Bh4 Be7 8. e3
O-O 9. Bd3 Re8 10. O-O Nh7 11. Bxe7 Qxe7 12. Ne5 Nxe5 13. dxe5 dxc4 14. Bxc4
Qc5 15. Qd4 Qe7 16. Rad1 Nf8 17. b4 a5 18. Be2 axb4 19. axb4 Qc7 20. Rd2 Nd7
21. f4 b6 22. Bf3 c5 23. Qc4 Bb7 24. Nb5 Qc8 25. Nd6 Ba6 26. b5 Bxb5 27. Qxb5
1-0

[Event "Championnat de France des Jeunes - Benja"]
[Site "MONTLUCON"]
[Date "2011.04.18"]
[Round "2.6"]
[White "Saucey, Milena"]
[Black "Vernet, Solene"]
[Result "0-1"]
[WhiteElo "1548"]
[BlackElo "1707"]
[PlyCount "64"]
[EventDate "2011.??.??"]

1. e4 d6 2. d4 Nf6 3. Nc3 g6 4. Bf4 Bg7 5. Qd2 O-O 6. O-O-O a6 7. h4 b5 8. Be2
b4 9. Nd5 Nxe4 10. Qe3 f5 11. Nxb4 a5 12. f3 axb4 13. fxe4 e6 14. Bc4 Qe7 15.
e5 d5 16. Bb3 Bd7 17. Bg5 Qe8 18. Nf3 Ba4 19. Rh3 Bxb3 20. axb3 Ra1+ 21. Kd2
Rxd1+ 22. Kxd1 Qb5 23. Ke1 Nc6 24. h5 Ra8 25. Qc1 Ra2 26. hxg6 Qa6 27. gxh7+
Kf7 28. Qd2 Ra1+ 29. Kf2 Qf1+ 30. Kg3 Rd1 31. Qf4 Rxd4 32. Qe3 Rg4+ 0-1

[Event "Championnat de France des Jeunes - Benja"]
[Site "MONTLUCON"]
[Date "2011.04.18"]
[Round "2.7"]
[White "Fesselier, Melissa"]
[Black "Terrazzoni, Claire"]
[Result "0-1"]
[WhiteElo "1690"]
[BlackElo "1533"]
[PlyCount "152"]
[EventDate "2011.??.??"]

1. e4 c5 2. c3 d5 3. exd5 Qxd5 4. d4 g6 5. Nf3 Bg7 6. Na3 cxd4 7. Bc4 Qe4+ 8.
Be3 e6 9. cxd4 Ne7 10. Nb5 Qc6 11. Rc1 Qd7 12. Nc7+ Qxc7 13. Bxe6 Qd8 14. Bc4
O-O 15. Ng5 Nbc6 16. Nxf7 Rxf7 17. Bxf7+ Kxf7 18. O-O Bxd4 19. Qf3+ Kg7 20.
Rcd1 Qb6 21. Bxd4+ Nxd4 22. Qe4 Nec6 23. b3 Bf5 24. Qe3 Rd8 25. Rfe1 Qb5 26.
Kh1 Ne6 27. Rxd8 Nexd8 28. Qc3+ Kf7 29. Qf3 Nd4 30. Qf4 N8e6 31. Qd6 Qc6 32.
Qxc6 Nxc6 33. Rd1 Ke7 34. f3 Ned4 35. b4 Nc2 36. b5 N6b4 37. a4 Na2 38. Rd2
Nab4 39. g4 Be6 40. a5 Bc4 41. b6 axb6 42. axb6 Na3 43. Rd4 Nd5 44. h4 Nxb6 45.
f4 Nd5 46. Re4+ Kf6 47. Kh2 b5 48. Kg3 b4 49. Re8 b3 50. Rb8 Nb5 51. Re8 b2 52.
Re1 Nbc3 53. f5 b1=Q 54. Rxb1 Nxb1 55. fxg6 hxg6 56. h5 g5 57. Kf3 Nf4 58. Kg3
Nxh5+ 59. gxh5 Be6 60. Kg2 Kg7 61. Kg3 Kh6 62. Kg2 Kxh5 63. Kg3 Nd2 64. Kh2 g4
65. Kg3 Ne4+ 66. Kg2 Kh4 67. Kh2 g3+ 68. Kg2 Nd2 69. Kg1 Kh3 70. Kh1 g2+ 71.
Kg1 Nb1 72. Kf2 Kh2 73. Ke2 g1=Q 74. Kd3 Qc5 75. Ke2 Qd4 76. Kf1 Bc4+ 0-1

[Event "Championnat de France des Jeunes - Benja"]
[Site "MONTLUCON"]
[Date "2011.04.18"]
[Round "2.8"]
[White "Thomas, Apolline"]
[Black "Quelennec, Amelie"]
[Result "0-1"]
[WhiteElo "1685"]
[BlackElo "1525"]
[PlyCount "126"]
[EventDate "2011.??.??"]

1. d4 g6 2. Nf3 Bg7 3. c4 Nf6 4. Nc3 O-O 5. g3 d5 6. Bg5 dxc4 7. Bg2 Nc6 8. O-O
Bg4 9. e3 Nd7 10. Qc2 f6 11. Bh4 Bxf3 12. Bxf3 g5 13. Qf5 Re8 14. Bd5+ Kh8 15.
Be4 Nf8 16. Bxg5 fxg5 17. Bxc6 bxc6 18. Ne4 e6 19. Qg4 h6 20. f4 Nh7 21. fxg5
Nxg5 22. h4 Nxe4 23. Qxe4 Qd5 24. Qg6 Rf8 25. Rf4 Rab8 26. Qc2 Rxf4 27. gxf4
Qf5 28. Qxf5 exf5 29. b3 cxb3 30. axb3 Rxb3 31. Kf2 Rb7 32. h5 c5 33. Ra4 cxd4
34. exd4 Kg8 35. Ke3 Kf7 36. Ra6 Bf8 37. Rg6 a5 38. Ra6 Rb3+ 39. Ke2 Ra3 40. d5
Bd6 41. Kd1 Rd3+ 42. Kc2 Rxd5 43. Kb3 Kg7 44. Kc4 Rc5+ 45. Kd4 Rb5 46. Kc4 Rb4+
47. Kd5 a4 48. Ke6 Rxf4 49. Ra5 a3 50. Ra8 Rf2 51. Ra4 a2 52. Ra6 f4 53. Kf5
Re2 54. Kg4 Be5 55. Kf3 Re3+ 56. Kf2 a1=Q 57. Rxa1 Bxa1 58. Kg2 c5 59. Kh2 c4
60. Kg2 c3 61. Kh2 c2 62. Kg2 c1=Q 63. Kf2 Qd2+ 0-1

[Event "Championnat de France des Jeunes - Benja"]
[Site "MONTLUCON"]
[Date "2011.04.18"]
[Round "2.9"]
[White "Imperor, Lorene"]
[Black "Bignand, Claire"]
[Result "1-0"]
[WhiteElo "1672"]
[BlackElo "1504"]
[PlyCount "115"]
[EventDate "2011.??.??"]

1. d4 d5 2. c4 c6 3. Nf3 Nf6 4. Nc3 Bf5 5. Qb3 b6 6. e3 e6 7. Be2 Nbd7 8. O-O
Bd6 9. h3 O-O 10. Nh4 Be4 11. f3 dxc4 12. Bxc4 Bd5 13. f4 Ne4 14. Nxe4 Bxe4 15.
Nf3 b5 16. Bd3 Bd5 17. Qc2 f5 18. Bd2 Nf6 19. Ne5 Rc8 20. b4 Ne4 21. Be1 Qe7
22. Bxe4 Bxe4 23. Qb3 Ra8 24. a3 Bc7 25. Nd3 Bd5 26. Qc3 a5 27. Nc5 axb4 28.
Qxb4 Bc4 29. Rf2 Bd6 30. Rd1 Rfd8 31. Rfd2 Bc7 32. Nb7 Bd6 33. Nxd6 Qxd6 34.
Bh4 Qxb4 35. axb4 Rd7 36. Rb2 Ra3 37. Kf2 Ra2 38. Rxa2 Bxa2 39. Rc1 Bd5 40. Ra1
Kf7 41. g4 Be4 42. Kg3 Bd5 43. Ra6 Kg6 44. Kf2 Be4 45. Ke2 Rd6 46. Ra7 Bg2 47.
Be7 Rd5 48. Bf8 Rd8 49. Rxg7+ Kh6 50. Rg8+ Rxf8 51. Rxf8 Bxh3 52. g5+ Kg6 53.
Rf6+ Kg7 54. Rxe6 Bg4+ 55. Kf2 Bh5 56. Rxc6 Bf7 57. Rc5 Be8 58. Rxf5 1-0

[Event "Championnat de France des Jeunes - Benja"]
[Site "MONTLUCON"]
[Date "2011.04.18"]
[Round "2.10"]
[White "Dedisse, Mariane"]
[Black "Likhoded, Victoria"]
[Result "1/2-1/2"]
[WhiteElo "1530"]
[BlackElo "1671"]
[PlyCount "64"]
[EventDate "2011.??.??"]

1. d4 d6 2. c4 Nf6 3. Nc3 c6 4. e3 Qc7 5. Nf3 Bg4 6. Be2 e5 7. Qc2 Be7 8. O-O
O-O 9. dxe5 dxe5 10. b3 Nbd7 11. Bb2 h6 12. h3 Bxf3 13. Bxf3 Rad8 14. Rfd1 Nc5
15. Rxd8 Rxd8 16. Rd1 Rd7 17. Rxd7 Qxd7 18. Ba3 Bf8 19. Bxc5 Bxc5 20. Ne4 Be7
21. Nxf6+ Bxf6 22. Qd1 Qc7 23. Bg4 Kf8 24. Kf1 Ke7 25. Ke2 Qd6 26. Qd3 g6 27.
e4 Qxd3+ 28. Kxd3 Kd6 29. b4 b6 30. a3 a5 31. g3 Bg5 32. Kc3 Bc1 1/2-1/2

[Event "Championnat de France des Jeunes - Benja"]
[Site "MONTLUCON"]
[Date "2011.04.18"]
[Round "3.1"]
[White "Haussernot, Cecile"]
[Black "Malassagne, Isabelle"]
[Result "1-0"]
[WhiteElo "2013"]
[BlackElo "1638"]
[PlyCount "97"]

1. e4 c5 2. Nc3 d6 3. g3 g6 4. Bg2 Bg7 5. d3 Nc6 6. Nge2 Nf6 7. O-O O-O 8. h3
Bd7 9. f4 Rb8 10. g4 b5 11. Ng3 Qb6 12. Be3 b4 13. Nce2 a5 14. f5 Ne8 15. Rb1
a4 16. h4 b3 17. axb3 axb3 18. c3 Ne5 19. Nf4 Bb5 20. g5 Nc7 21. h5 Qa6 22. c4
Bd7 23. Qe2 Ra8 24. Nd5 Nxd5 25. exd5 Qc8 26. Bh3 Ra2 27. Bd2 Qc7 28. Bc3 Rfa8
29. Bg2 Qc8 30. hxg6 hxg6 31. f6 exf6 32. gxf6 Bh6 33. Bxe5 dxe5 34. Qxe5 Qa6
35. Ne4 Be3+ 36. Kh1 Bf5 37. Rxf5 gxf5 38. Qg3+ Kf8 39. Qxe3 fxe4 40. Qh6+ Ke8
41. Bh3 Kd8 42. Qf8+ Kc7 43. Qxc5+ Kb8 44. d6 Qb7 45. d7 Qc7 46. Qd5 Ka7 47.
Qxe4 Qb7 48. Qxb7+ Kxb7 49. Bg2+ 1-0

[Event "Championnat de France des Jeunes - Benjamines"]
[Site "MONTLUCON"]
[Date "2011.04.18"]
[Round "3.2"]
[White "Saliou, Sarah"]
[Black "Auvray, Honorine"]
[Result "0-1"]
[WhiteElo "1640"]
[BlackElo "1735"]
[PlyCount "68"]

1. e4 c5 2. Nf3 Nc6 3. b4 cxb4 4. d4 d6 5. Bb5 a6 6. Ba4 b5 7. Bb3 Nf6 8. Nbd2
Bg4 9. Bb2 Qc7 10. O-O a5 11. a4 bxa3 12. Rxa3 a4 13. Ba2 Nb4 14. c3 Nd3 15.
Qc2 Nb4 16. Qd1 Nxa2 17. Rxa2 e6 18. h3 Bh5 19. Qe2 Qc6 20. Re1 Be7 21. Qd3 Bg6
22. Nh4 Nh5 23. Nxg6 hxg6 24. Nf3 Nf4 25. Qe3 Qc4 26. Rea1 g5 27. Nd2 Qc6 28.
Nf3 Qc4 29. Nd2 Qc6 30. Nf3 d5 31. e5 Kd7 32. h4 Qc4 33. hxg5 Ne2+ 34. Kf1
Nxc3+ 0-1

[Event "Championnat de France des Jeunes - Benjamines"]
[Site "MONTLUCON"]
[Date "2011.04.18"]
[Round "3.3"]
[White "Joudelat, Noemie"]
[Black "Susini, Noelia"]
[Result "1-0"]
[WhiteElo "1732"]
[BlackElo "1623"]
[PlyCount "55"]

1. e4 e5 2. Nf3 Nc6 3. Bc4 Nf6 4. Nc3 Nxe4 5. Bxf7+ Kxf7 6. Nxe4 Be7 7. d4 Bf6
8. dxe5 d5 9. Neg5+ Bxg5 10. Nxg5+ Kg8 11. e6 Qd6 12. Qg4 Nd8 13. O-O Bxe6 14.
Nxe6 Qxe6 15. Qg3 Rc8 16. Bf4 Qd7 17. Bh6 c5 18. Rfe1 Nc6 19. Re3 Nd4 20. Re5
g6 21. Rae1 Kf7 22. Qf4+ Nf5 23. g4 Rhg8 24. gxf5 gxf5+ 25. Kh1 Kf6 26. Qh4+
Kg6 27. Qg5+ Kf7 28. Rxf5+ 1-0

[Event "Championnat de France des Jeunes - Benjamines"]
[Site "MONTLUCON"]
[Date "2011.04.18"]
[Round "3.4"]
[White "Dieuleveut, Floriane"]
[Black "Duval, Claire"]
[Result "1-0"]
[WhiteElo "1636"]
[BlackElo "1714"]
[PlyCount "99"]

1. e4 c6 2. d4 d5 3. Nc3 dxe4 4. Nxe4 Bf5 5. Ng3 Bg6 6. h4 h6 7. Nf3 Nd7 8. h5
Bh7 9. Bd3 Bxd3 10. Qxd3 Ngf6 11. Bf4 Qa5+ 12. Bd2 Qc7 13. O-O-O e6 14. Rde1
O-O-O 15. Ne4 Nxe4 16. Qxe4 Nf6 17. Qe5 Bd6 18. Qa5 Qxa5 19. Bxa5 b6 20. Bd2
Kb7 21. Rh4 Rhe8 22. Ne5 Re7 23. g4 Nd7 24. f4 c5 25. dxc5 Bxc5 26. Nd3 Bd6 27.
Bb4 Bxb4 28. Nxb4 Nc5 29. Rh3 Rc7 30. Rd1 Rdc8 31. c3 Ne4 32. Rh2 a5 33. Nc2 b5
34. Re2 f5 35. gxf5 exf5 36. Nd4 b4 37. Nxf5 Re8 38. Rxe4 Rxe4 39. Nd6+ Kb6 40.
Nxe4 Re7 41. Rd4 bxc3 42. Nxc3 Re1+ 43. Kd2 Rg1 44. Rd6+ Kb7 45. Rg6 Rh1 46.
Rxg7+ Kb8 47. f5 Rxh5 48. f6 Rf5 49. f7 Kc8 50. Rg8+ 1-0